000 01304nam0a22002771 4500
001 rc\422146
005 20250621081148.0
035 _a(NLR Aleph) 005669576
090 _a6959588
_c6959588
100 _a20030616d1988 |||y0rusy50 ca
101 0 _arus
102 _aRU
105 _ay |||||||||
200 1 _aОхрана редких растений СССР
_fЛ.В. Денисова, Л.С. Белоусова, С.В. Никитина
210 _aМ.
_cВНИИТЭИагропром
_d1988
215 _a45, [2] с.
_d21
225 1 _aСерия "Охрана природы в сельском хозяйстве, охота и охотничье хозяйство"
_eОбзор. информ.
_fВАСХНИЛ, ВНИИ информ. и техн.-экон. исслед. агропром. комплекса
320 _aБиблиогр.: с. 39-46 (150 назв.)
700 1 _7ca
_8rus
_aДенисова
_bЛ. В.
_cканд. биол. наук
_gЛариса Васильевна
_9237468
_3RU\NLR\AUTH\770237524
701 1 _aБелоусова
_bЛ.С.
_gЛюдмила Сергеевна
701 1 _aНикитина
_bС.В.
_gСветлана Владимировна
801 0 _aRU
_bNLR
_gpsbo
801 1 _aRU
_bELAR
_2rusmarc
852 _aNLR
_j88-4/16967
942 _cBOOK
980 _aNB